Illustrated handbook of atomic & molecular physics

Corporate Author: 3G E-Learning LLC, USA
Language:English
Published: New York: 3G E-Learning LLC, 2018.
Subjects:
LEADER 00984cam a2200265 7i4500
001 0000133006
005 20190527090000.0
008 190505s2018 nyua x 0 eng
020 # 0 |a 9781680945201 (hbk)  
040 # # |a OhioLink 
090 0 0 |a QC 173   |b .I4 2018 
245 0 0 |a Illustrated handbook of atomic & molecular physics   |c authored and edited by 3G E-Learning LLC, USA. 
264 # 4 |c ♭ 2018. 
264 # 1 |a New York:   |b 3G E-Learning LLC,   |c 2018. 
300 # # |a xi, 295 pages:   |b some colour illustrations;   |c 26 cm. 
336 # # |a text  |2 rdacontent 
337 # # |a unmediated  |2 rdamedia 
338 # # |a volume  |2 rdacarrier 
504 0 0 |a Includes bibliographical references and index. 
590 # # |a Pusat Pengajian Kejuruteraan Kelautan 
650 0 0 |a Atoms --   |x Handbooks, manuals, etc.  
650 0 0 |a Molecules --   |x Handbooks, manuals, etc.  
650 0 0 |a Physics --   |x Handbooks, manuals, etc.  
710 2 1 |a 3G E-Learning LLC, USA  
999 |a 1100105354  |b Book  |c Open Shelf  |e KOLEKSI TERBUKA